Biblioteca y Centro de Documentación

Vista normal Vista MARC

Entrada Nombre personal

Número de registros utilizados en: 3

001 - NÚMERO DE CONTROL

  • Campo de control: 24520

003 - IDENTIFICADOR DE NÚMERO DE CONTROL

  • Campo de control: ES-MaCES

005 - FECHA Y HORA DE LA ULTIMA MODIFICACION

  • Campo de control: 20110517133100.0

008 - ELEMENTOS DE DATOS DE LONGITUD FIJA

  • Campo de longitud fija: 110517 | azznnaabn || aaa d

035 ## - NÚMERO DE CONTROL DEL SISTEMA

  • Número de control del sistema: CES20110005072n

040 ## - FUENTE DE LA CATALOGACIÓN

  • Agencia original de catalogación: ES-MaCES
  • Idioma de catalogación: spa
  • Agencia de transcripción: ES-MaCES

100 1# - ENCABEZAMIENTO--NOMBRE DE PERSONA

  • Nombre personal: Suárez, Ignacio

400 1# - TRAZADO VEÁSE--NOMBRE DE PERSONA

  • Nombre personal: Suárez Fernández-Coronado, Ignacio

670 ## - FUENTE DE DATOS ENCONTRADOS

  • Fuente de citación: www.fundacióncarolina.es

901 ## - CES. DATOS SIRTEX

  • ID Sirtex (N5N8): 0001500022916
  • 005BIS Sirtex: 201105171323ALORITE
© CES, Consejo Económico y Social de España 2021